000 00734nam a22002292 4500
001 0000019306
005 20151217145912.0
008 101025s xx 000 0 eng d
020 _a0387303693 :
040 _aKABU
_cKABU
100 1 _aFerraty, Frederic.
_@0000179017
245 1 0 _aNonparametric functional data analysis :
_btheory and practice /
_cFrederic Ferraty, Philippe Vieu.
250 _a1st ed.
260 _aNew York :
_bSpringer,
_c2006.
300 _axx, 258 p.
650 0 _aNonparametric statistics.
_@0000179018
650 0 _aMultivariate analysis.
_@0000149891
700 1 _aVieu, Philippe.
_@0000179019
852 1 _99425 KES
908 _a101025
950 _@1
999 _c3907
_d3907